VIII Censo de población y IV de vivienda resumen censal : censos nacionales, 2005 población, vivienda, hogar

Bibliographic Details
Main Author: Nicaragua. Instituto Nacional de Información de Desarrollo
Format: Section = Libro
Language:Undetermined
Spanish
Published: Managua INEC 2006
Subjects:
LEADER 00676nam a2200205Ia 4500
008 240829s9999 xx 000 0 und d
040 |a BIBLIOTECA-RUSB/ Ref 312 N583 
041 |a spa 
082 |a Ref 312 N583 
100 1 |a Nicaragua. Instituto Nacional de Información de Desarrollo 
245 1 0 |a VIII Censo de población y IV de vivienda resumen censal : censos nacionales, 2005 población, vivienda, hogar 
260 |a Managua  |b INEC  |c 2006 
300 |a 226 p. :il. 
650 7 |a ESTADISTICA DE POBLACION 
650 7 |b  CARACTERISTICAS ECONOMICAS 
650 7 |c  CARACTERISTICAS DE HOGARES 
650 7 |d  CENSO DE POBLACION 
942 |c BK  |2 ddc 
991 |a TEXTO 
999 |c 5712